|
|
|
|
| LEADER |
00778nam a22002051 4500 |
| 001 |
3112520 |
| 003 |
GR-PaULI |
| 005 |
20210117210605.0 |
| 008 |
850304s1962 nyua 000 0 eng |
| 040 |
|
|
|a DLC/ICU
|c ICU
|d DLC
|b gre
|e AACR2
|
| 082 |
0 |
0 |
|a 530.15
|2 23
|
| 100 |
1 |
|
|a Blass, Gerhard A.
|9 167964
|e συγγραφέας.
|
| 245 |
1 |
0 |
|a Theoretical physics /
|c Blass, Gerhard A.
|
| 260 |
|
|
|a New York
|b Appleton-Century-Crofts¨,
|c [1962].
|
| 300 |
|
|
|a 451 σ. ;
|b
|c 24 εκ.
|
| 650 |
|
4 |
|a Μαθηματική φυσική
|9 13
|
| 942 |
|
|
|2 ddc
|c BK15
|
| 952 |
|
|
|0 0
|1 0
|2 ddc
|4 0
|6 530_150000000000000_BLA
|7 0
|9 221035
|a LISP
|b LISP
|c BSC
|d 2018-03-22
|i 17772
|l 0
|o 530.15 BLA
|p 025000044471
|r 2018-03-22 00:00:00
|t 1
|v 2018.00
|w 2018-03-22
|y BK15
|
| 998 |
|
|
|c ΜΠΟΥΡΑΣ
|d 2018-03
|
| 999 |
|
|
|c 133527
|d 133527
|